000 00506nam a2200205Ia 4500
003 OSt
005 20230331151631.0
008 210423s2009 xx 000 0 und d
020 _a8130910861
040 _cAL
041 _aeng
082 _a658.3 LEAR
100 _aLEARNING MEDIA
_981031
245 _aHuman resource management.
260 _aNew Delhi
_bViva Books Pvt Ltd
_c2009
300 _aviii,570
_bPB
365 _b495
_cINR
906 _aHuman ; management. ; resource
942 _2ddc
_cBK
999 _c157722
_d157722